| 000 | 00379cam a22001337a 4500 | ||
|---|---|---|---|
| 008 | 180718b2001 xxu||||| |||| 00| 0 eng d | ||
| 082 | _aA8x5441 K147/2001 | ||
| 100 | _aHonnalingaiah, S.R. | ||
| 245 |
_aA handbook of Karnataka _cedited by S.R. Honnalingaiah |
||
| 250 | _arev. edn. | ||
| 260 |
_aBangalore _bGazetteer Department _c2001 |
||
| 300 | _a328p. | ||
| 650 | _aKarnataka - | ||
| 999 |
_c481222 _d481222 |
||